La cosa juzgada en el proceso civil chileno

Detalles Bibliográficos
Autor principal: Romero Seguel, Alejandro
Formato: eBook
Lenguaje:español
Publicado: Santiago de Chile : Editorial jurd̕ica de Chile, 2002
Materias:
Acceso en línea:Acceso restringido

MARC

LEADER 00000nam a22000007a 4500
005 20120614165830.0
007 cr|||| ||||
008 120614s2002 cl |||||s|||| 00||0 spa d
020 |a 956-10-1399-1 
035 |a 6163 
040 |a vLex 
090 |c 3178  |d 3178 
100 |a Romero Seguel, Alejandro 
245 1 3 |a La cosa juzgada en el proceso civil chileno  |h [Recurso electrn̤ico] /  |c Alejandro Romero Seguel 
256 |a Servicio en ln̕ea 
260 |a Santiago de Chile :  |b Editorial jurd̕ica de Chile,  |c 2002 
300 |a 1 recurso electrn̤ico 
506 1 |a Contenido solo disponible en los productos indicados  |d vLex Global   |d vLex Global (Academic Edition, excluding Law Schools)   |d vLex Global (U.S. Academic Edition, Law Schools)   |d vLex Global (U.S. Academic Edition, excluding Law Schools)   |d vLex Global (Academic Edition, Law Schools)  
650 0 4 |a Procedimento civil  |z Chile 
740 0 |a vLex Libros (Servicio en ln̕ea) 
856 4 0 |u http://vlex.com/source/6163  |z Acceso restringido 
942 |c BOOK 
999 0 |a Civil procedure